Optimalizácia lokácie nabíjacích jednotiek pre elektroautá v SR

Problematika umiestňovania nabíjacích staníc pre elektromobily. Úloha celkovej minimálnej vzdialenosti pri stanovenom počte nabíjacích staníc. Optimalizácia umiestnenia nabíjacích staníc pre elektromobily v SR.

Gespeichert in:
Bibliographische Detailangaben
1. Verfasser: Pekár, Juraj, 1972-
Weitere Verfasser: Brezina, Ivan, 1963-, Čičková, Zuzana, 1978-
Format: Buchkapitel
Sprache:Slowakisch
Schlagworte:
Tags: Tag hinzufügen
Keine Tags, Fügen Sie das erste Tag hinzu!

MARC

LEADER 00000nla a2200000 4500
001 0212507
005 20240502083532.0
041 0 |a slo 
044 |a CZ 
245 1 0 |a Optimalizácia lokácie nabíjacích jednotiek pre elektroautá v SR  |c Juraj Pekár, Ivan Brezina, Zuzana Čičková 
520 |a Problematika umiestňovania nabíjacích staníc pre elektromobily. Úloha celkovej minimálnej vzdialenosti pri stanovenom počte nabíjacích staníc. Optimalizácia umiestnenia nabíjacích staníc pre elektromobily v SR. 
610 2 0 |a modelovanie 
610 2 0 |a modely 
610 2 0 |a automobily 
610 2 0 |a elektrina 
610 2 0 |a mestá 
100 1 |a Pekár, Juraj, 1972- 
700 1 |a Brezina, Ivan, 1963- 
700 1 |a Čičková, Zuzana, 1978-